[Event "AUTO-INT-2779"]
[Site "http://www.queenalice.com/game.php?id=1241487"]
[Date "2013.12.20"]
[Round "1"]
[White "juliosoliveira84"]
[Black "toomchess"]
[Result "0-1"]
[WhiteElo "1357"]
[BlackElo "1894"]

1. b4 e5 2. Ba3 d5 3. e3 Be6 4. Qh5 Nd7 5. Bd3 Ngf6 6. Qf3 e4 7. Qe2 exd3 8.
Qxd3 Bd6 9. Nf3 O-O 10. O-O Bg4 11. c4 Bxf3 12. gxf3 Ne5 13. Qf5 Nxc4 14. e4 g6
15. Qh3 Nh5 16. exd5 Nf4 17. Qh6 Qf6 18. Nc3 Nxa3 19. Ne4 Ne2+ 20. Kg2 Nf4+ 21.
Kh1 Qg7 22. Qg5 Nc2 23. Rac1 h6 24. Qg4 f5 25. Qg1 Ne2 26. Qg2 Nxc1 27. Rxc1
fxe4 28. Rxc2 exf3 29. Qf1 Qe5 30. Qg1 Qf5 31. Rc1 Rae8 32. b5 Re4 33. Qf1 Qh5
34. Qg1 Rg4 35. Qxg4 Qxh2# 0-1

[Event "AUTO-INT-2779"]
[Site "http://www.queenalice.com/game.php?id=1241492"]
[Date "2013.12.20"]
[Round "1"]
[White "saturnin"]
[Black "juliosoliveira84"]
[Result "0-1"]
[WhiteElo "1470"]
[BlackElo "1469"]

1. b4 e6 2. c3 Qf6 3. Bb2 Bd6 4. Nf3 g5 5. Qc2 g4 6. c4 e5 7. Ng1 Bxb4 8. a3 Bc5
9. e3 d6 10. g3 Bf5 11. e4 Bxe4 12. Qxe4 Qxf2+ 13. Kd1 Qxf1+ 14. Kc2 Bxg1 15.
Nc3 Qf2 16. Rhxg1 Qxh2 17. Qxb7 Ne7 18. Qxa8 Kd7 19. Qxa7 Nbc6 20. Qe3 Qh5 21.
Nb5 Ra8 22. Kb3 Na5+ 23. Kc3 Nf5 24. Rh1 Qg6 25. Qf2 Qe6 26. d3 h6 27. Bc1 e4
28. dxe4 Qxc4+ 29. Kd2 Nb3+ 30. Kd1 Qxe4 31. Re1 Qd3+ 32. Bd2 Nxa1 33. Qh2 Qb1+
34. Bc1 Qxb5 35. Re2 Qd3+ 36. Bd2 Qb1+ 37. Bc1 Rxa3 38. Qh5 Rd3+ 39. Ke1 Qxc1+
40. Kf2 Qc5+ 41. Ke1 Qg1# 0-1

[Event "AUTO-INT-2779"]
[Site "http://www.queenalice.com/game.php?id=1241493"]
[Date "2013.12.20"]
[Round "1"]
[White "juliosoliveira84"]
[Black "saturnin"]
[Result "1-0"]
[WhiteElo "1485"]
[BlackElo "1454"]

1. e3 e6 2. Bd3 g6 3. Qf3 Bg7 4. Nh3 Nf6 5. e4 O-O 6. Ng5 h6 7. Nh3 d6 8. g4 e5
9. Nc3 c5 10. g5 hxg5 11. Nxg5 Nh5 12. h4 Nf4 13. Rh2 Nxd3+ 14. cxd3 f6 15. h5
fxg5 16. Qe2 Nc6 17. h6 Bh8 18. h7+ Kg7 19. d4 Nxd4 20. Qf1 Nf3+ 21. Kd1 Nxh2
22. Qh1 Ng4 23. Kc2 Nxf2 24. Qg2 Kxh7 25. d3 a6 26. Bxg5 Qd7 27. Qh2+ Kg7 28.
Qh6+ Kf7 29. Qh7+ Bg7 30. Bh6 Rg8 31. Rf1 Qg4 32. Rxf2+ Ke6 33. Qxg8+ Kd7 34.
Qxg7+ Kc6 35. Qg8 Qh4 36. Qe8+ Kb6 37. Na4+ Kc7 38. Be3 g5 39. Qe7+ Kc6 40. Qd8
b5 41. Qb6+ Kd7 42. Rf7+ Ke6 43. Qc7 g4 44. Bxc5 dxc5 45. Nxc5# 1-0

[Event "AUTO-OPEN-3147"]
[Site "http://www.queenalice.com/game.php?id=1241733"]
[Date "2013.12.21"]
[Round "1"]
[White "Piotrek"]
[Black "juliosoliveira84"]
[Result "0-1"]
[WhiteElo "1305"]
[BlackElo "1357"]

1. d4 d5 2. b4 Qd6 3. c3 Bf5 4. g3 Nd7 5. Bg2 e5 6. dxe5 Nxe5 7. Bxd5 O-O-O 8.
Bxb7+ Kxb7 9. Qxd6 Rxd6 10. Bf4 Bc2 11. Bxe5 Rd1# 0-1

[Event "AUTO-OPEN-3147"]
[Site "http://www.queenalice.com/game.php?id=1241734"]
[Date "2013.12.21"]
[Round "1"]
[White "juliosoliveira84"]
[Black "Piotrek"]
[Result "0-1"]
[WhiteElo "1630"]
[BlackElo "1251"]

1. e4 e5 2. Qf3 Nf6 3. Bc4 b6 4. d3 g6 5. Bg5 Be7 6. d4 Bb7 7. Nd2 O-O 8. dxe5
Nxe4 9. Nxe4 Bxg5 10. Nh3 Bxe4 11. Qxe4 Nc6 12. f4 Bh4+ 13. g3 Nb4 14. gxh4
Qxh4+ 15. Nf2 c6 16. a3 d5 17. Qe2 Nxc2+ 18. Qxc2 dxc4 0-1

[Event "AUTO-OPEN-3147"]
[Site "http://www.queenalice.com/game.php?id=1241779"]
[Date "2013.12.21"]
[Round "1"]
[White "jiujitsubr"]
[Black "juliosoliveira84"]
[Result "1-0"]
[WhiteElo "1848"]
[BlackElo "1545"]

1. d4 Nf6 2. c4 c6 3. Nc3 Qb6 4. e3 e6 5. Nf3 c5 6. d5 exd5 7. cxd5 Bd6 8. e4
Ng4 9. Qc2 c4 10. h3 Ne5 11. Nxe5 Bxe5 12. Bxc4 Qg6 13. O-O d6 14. Qd3 Nd7 15.
f4 Nc5 16. Qe2 Bd4+ 17. Kh1 Bxh3 18. e5 Bxg2+ 19. Qxg2 Qh5+ 20. Qh2 Qf5 21. e6
f6 22. Bb5+ Ke7 23. Qg2 g6 24. Kh2 h5 25. Qh3 Qc2+ 26. Ne2 a6 27. Bd7 Qxe2+ 28.
Qg2 Qd3 29. Rf3 Qd1 30. Rf1 Qd3 31. f5 g5 32. Bxg5 fxg5 33. f6+ Bxf6 34. Rxf6
Kxf6 35. Rf1+ Kg6 36. b4 Nxd7 37. exd7 a5 38. b5 g4 39. Re1 Rhf8 40. Re6+ Rf6
41. Re8 g3+ 42. Qxg3+ Qxg3+ 43. Kxg3 Rf8 44. Re6+ Rf6 45. Re8 h4+ 46. Kxh4 Rf8
47. Re6+ Kf5 48. Rxd6 Rh8+ 49. Kg3 Rag8+ 50. Kf3 Rh3+ 51. Kf2 Rh2+ 52. Kf1 Rxa2
53. d8=Q Rxd8 54. Rxd8 Ra1+ 55. Ke2 a4 56. d6 a3 57. d7 a2 58. Rf8+ Kg4 59. Rg8+
Kf4 60. Ra8 Kg4 61. d8=Q b6 62. Qd4+ Kg3 63. Qxa1 Kf4 64. Rf8+ Kg5 65. Qg1+ Kh4
66. Rh8# 1-0

[Event "AUTO-OPEN-3147"]
[Site "http://www.queenalice.com/game.php?id=1241780"]
[Date "2013.12.21"]
[Round "1"]
[White "juliosoliveira84"]
[Black "jiujitsubr"]
[Result "0-1"]
[WhiteElo "1509"]
[BlackElo "1779"]

1. Nf3 Nf6 2. c4 g6 3. d3 Bg7 4. Qb3 O-O 5. Ne5 d6 6. Nf3 Nbd7 7. Nc3 c6 8. Be3
Qc7 9. Bg5 e5 10. O-O-O Nc5 11. Qc2 a5 12. d4 exd4 13. Nxd4 Ng4 14. Bh4 f5 15.
f3 Ne3 16. Qd2 Nxd1 17. Nxd1 a4 18. h3 a3 19. b3 Qa5 20. b4 Qa4 21. Nc3 Qxb4 22.
Kd1 Qb2 23. Ke1 Qxd2+ 24. Kxd2 Bxd4 25. g4 f4 26. Bg5 Be6 27. h4 Bxc4 28. Ne4
Be3+ 29. Kc3 Nxe4+ 30. Kxc4 Nxg5 31. hxg5 d5+ 32. Kd3 c5 33. Bg2 c4+ 34. Kc3 b5
35. Kb4 Rfb8 36. Rd1 Ra4+ 37. Kc3 d4+ 38. Rxd4 Bxd4+ 39. Kxd4 Rd8+ 40. Ke5 c3
41. Kf6 Re8 42. e4 Ra6# 0-1

[Event "AUTO-OPEN-3173"]
[Site "http://www.queenalice.com/game.php?id=1250967"]
[Date "2014.1.24"]
[Round "1"]
[White "juliosoliveira84"]
[Black "cex5"]
[Result "0-1"]
[WhiteElo "1619"]
[BlackElo "1740"]

1. e3 e5 2. Qf3 Nc6 3. Bc4 Nf6 4. Ne2 d5 5. Bd3 e4 6. Bxe4 dxe4 7. Qg3 Nb4 8.
Nd4 c5 9. c3 Nc2+ 10. Nxc2 Nd5 11. Qe5+ Ne7 12. Qxc5 b6 13. Qb5+ Bd7 14. Qe5 Bc6
15. Nd4 f6 16. Qe6 Bd5 17. Qg4 Ng6 18. Ne6 Bxe6 19. Qxe6+ Qe7 20. Qc6+ Qd7 21.
Qxa8+ Kf7 22. Qxe4 Bd6 23. h4 Nf4 24. g3 Ne6 25. h5 Nc5 26. Qc4+ Ke7 27. h6 g6
28. d4 Ne4 29. Rh4 Nxg3 30. fxg3 Bxg3+ 31. Ke2 Bxh4 32. Qb4+ Ke8 33. Nd2 Qg4+
34. Kd3 Qf5+ 35. e4 Qh3+ 36. Kc2 g5 37. Qa4+ Kd8 38. Qxa7 g4 0-1

[Event "AUTO-OPEN-3173"]
[Site "http://www.queenalice.com/game.php?id=1250968"]
[Date "2014.1.24"]
[Round "1"]
[White "cex5"]
[Black "juliosoliveira84"]
[Result "1-0"]
[WhiteElo "1643"]
[BlackElo "1558"]

1. e4 e6 2. d4 Qf6 3. Nc3 Bb4 4. Bd2 Nc6 5. Nb5 Kd8 6. c3 a6 7. Nh3 axb5 8. Bg5
Qxg5 9. Nxg5 Ke8 10. cxb4 Nxb4 11. a3 Nc6 12. Bxb5 h6 13. Bxc6 bxc6 14. Nf3 Nf6
15. O-O Nxe4 16. Qd3 f5 17. Nd2 Ba6 18. Qe3 Nxd2 19. Qxd2 g5 20. Rfe1 f4 21. Qa5
Ra7 22. Rad1 h5 23. d5 g4 24. dxe6 dxe6 25. Rxe6+ Kf7 26. Qf5+ Kg7 27. Qg6+ Kf8
28. Rd8# 1-0

[Event "AUTO-OPEN-3173"]
[Site "http://www.queenalice.com/game.php?id=1250969"]
[Date "2014.1.24"]
[Round "1"]
[White "juliosoliveira84"]
[Black "Ihlleandiz"]
[Result "1-0"]
[WhiteElo "1572"]
[BlackElo "1633"]

1. e3 g6 2. Qg4 Bg7 3. Bd3 Nf6 4. Qf4 O-O 5. Nh3 d6 6. Ng5 h6 7. Ne4 Nd5 8. Qh4
Nc6 9. c4 Ndb4 10. Ke2 Ne5 11. a3 Nbxd3 12. f4 Bg4+ 13. Kf1 Nxc1 14. g3 Bf3 15.
Kg1 Ned3 16. g4 Ne2+ 17. Kf1 1-0

[Event "AUTO-OPEN-3173"]
[Site "http://www.queenalice.com/game.php?id=1250970"]
[Date "2014.1.24"]
[Round "1"]
[White "Ihlleandiz"]
[Black "juliosoliveira84"]
[Result "0-1"]
[WhiteElo "1653"]
[BlackElo "1552"]

1. e4 e5 2. Nf3 Bd6 3. Bc4 Qf6 4. Nc3 Nh6 5. d4 exd4 6. Nxd4 Bc5 7. Be3 Qg6 8.
O-O d6 9. Nd5 O-O 10. Nxc7 Bxd4 11. Qxd4 Bh3 12. g3 Nd7 13. Nxa8 Rxa8 14. f4 b6
15. Rfd1 Nc5 16. Bd5 Rd8 17. f5 Qg4 18. b4 Qe2 19. Rd2 Qf3 0-1

[Event "AUTO-INT-2798"]
[Site "http://www.queenalice.com/game.php?id=1251225"]
[Date "2014.1.25"]
[Round "1"]
[White "Ruusgugg"]
[Black "juliosoliveira84"]
[Result "0-1"]
[WhiteElo "1379"]
[BlackElo "1514"]

1. d4 e6 2. e4 Qf6 3. f3 c5 4. e5 Qf5 5. Bd3 Qh5 6. g4 Qh4+ 7. Kd2 Qf2+ 8. Kc3
cxd4+ 9. Kb3 a5 10. Nh3 a4+ 11. Kc4 Ra5 12. Nxf2 Bc5 13. Ne4 d5+ 0-1

[Event "AUTO-INT-2798"]
[Site "http://www.queenalice.com/game.php?id=1251226"]
[Date "2014.1.25"]
[Round "1"]
[White "juliosoliveira84"]
[Black "Ruusgugg"]
[Result "0-1"]
[WhiteElo "1584"]
[BlackElo "1372"]

1. Nf3 d5 2. c3 c5 3. Qb3 c4 4. Qb4 a5 5. Qb5+ Nd7 6. Nd4 e5 7. Nc2 Bc5 8. e3
Nf6 9. b4 axb4 10. cxb4 Bb6 11. f4 Bc7 12. f5 O-O 13. e4 Nxe4 14. Qxd5 Nd6 15.
d3 Nf6 16. Qxe5 Re8 17. Qe2 Rxe2+ 18. Bxe2 Nxf5 19. dxc4 Be5 20. Nd2 b6 21. Nf3
Bxa1 22. Nxa1 Rxa2 23. Nb3 Qe7 24. Ng1 Qxb4+ 25. Nd2 Ra1 26. Kd1 Qc3 27. Bf3
Rxc1+ 28. Ke2 Qe3# 0-1

[Event "AUTO-INT-2798"]
[Site "http://www.queenalice.com/game.php?id=1251251"]
[Date "2014.1.25"]
[Round "1"]
[White "sama"]
[Black "juliosoliveira84"]
[Result "0-1"]
[WhiteElo "1692"]
[BlackElo "1529"]

1. e4 e5 2. Nf3 Qf6 3. Bc4 Ne7 4. Nc3 Nbc6 5. O-O d6 6. d3 Nd4 7. Nxd4 exd4 8.
Ne2 Qg6 9. Kh1 Bg4 10. f3 Be6 11. Bxe6 fxe6 12. Nxd4 e5 13. Nb5 Kd7 14. Be3 c6
15. Nc3 h5 16. d4 h4 17. h3 exd4 18. Qxd4 c5 19. Qa4+ Nc6 20. Nd5 Qe6 21. c4 Qe5
22. Qb5 a6 23. Qxb7+ Ke6 24. Qxa8 Qxb2 25. Qe8+ Ne7 26. Bg5 Qb7 27. Bxe7 Bxe7
28. Qxh8 Bf6 29. Qe8+ Be7 30. Qxe7+ Qxe7 31. Nxe7 Kxe7 32. Rab1 Ke6 33. Rfd1 g5
0-1

[Event "AUTO-INT-2798"]
[Site "http://www.queenalice.com/game.php?id=1251252"]
[Date "2014.1.25"]
[Round "1"]
[White "juliosoliveira84"]
[Black "sama"]
[Result "0-1"]
[WhiteElo "1584"]
[BlackElo "1785"]

1. e3 c5 2. Bc4 d6 3. Qf3 Nf6 4. e4 Nc6 5. c3 g6 6. d3 Bg7 7. d4 cxd4 8. cxd4
Nxd4 9. Qd3 Nh5 10. Ne2 Nxe2 11. Qxe2 O-O 12. Nc3 Qa5 13. g4 Bxc3+ 14. bxc3
Qxc3+ 15. Qd2 Qxa1 16. gxh5 Be6 17. Be2 Rac8 18. Kd1 Bxa2 19. hxg6 Bb3+ 20. Ke1
Rxc1+ 21. Bd1 Rxd1+ 22. Qxd1 Qxd1# 0-1